00511nam a22001577a 4500020001800000040000900018082001700027100002200044245003300066250001600099260006800115650003300183942001200216999001900228952010600247 a9780070494572 cNUST a621.4023 GAN aGanesan, V955528 aInternal Combustion Engines  a2th Edition aNew Delhi:bTata McGraw-Hill Publishing Company Limited,c2003. aInternal Combustion Engines  2ddccBK c595618d595618 00102ddc4070aCEMEbCEMEcGENd2023-08-22l0o621.4023 GANpCEME-40164r2023-08-22w2023-08-22yBK